Cirugía (Record no. 25365)

MARC details
000 -LEADER
campo de control de longitud fija 01047nam a2200265 i 4500
001 - NÚMERO DE CONTROL
campo de control 25365
003 - IDENTIFICADOR DE NÚMERO DE CONTROL
campo de control ES-MaACL
005 - FECHA Y HORA DE LA ÚLTIMA TRANSACCIÓN
campo de control 20250806085359.0
008 - DATOS DE LONGITUD FIJA--INFORMACIÓN GENERAL
campo de control de longitud fija 170509s1911 sp a |||| | spa d
100 1# - ENTRADA PRINCIPAL--NOMBRE DE PERSONA
Nombre de persona Payr, E.
9 (RLIN) 162481
245 10 - MENCIÓN DEL TÍTULO
Título Cirugía
Resto del título : accidentes del trabajo, medicina pericial y forense /
Mención de responsabilidad, etc. por los profesores E. Payr, M. Borchardt, C. Thiem ; traducción directa del alemán por Gonzalo Gª Rodríguez.
260 ## - PUBLICACIÓN, DISTRIBUCIÓN, ETC.
Lugar de publicación, distribución, etc. Madrid :
Nombre del editor, distribuidor, etc. Saturnino Calleja Fernández,
Fecha de publicación, distribución, etc. 1911.
300 ## - DESCRIPCIÓN FÍSICA
Extensión 120 p. :
Otras características físicas il. ;
Dimensiones 24 cm.
490 1# - MENCIÓN DE SERIE
Mención de serie Anuario de ciencias médicas. Segunda serie ;
Designación de volumen o secuencia 12
504 ## - NOTA DE BIBLIOGRAFÍA, ETC.
Nota de bibliografía, etc. Bibliografías.
650 07 - PUNTO DE ACCESO ADICIONAL DE MATERIA--TÉRMINO DE MATERIA
Término de materia o nombre geográfico como elemento de entrada Cirugía
Fuente del encabezamiento o término embne
9 (RLIN) 11050
650 07 - PUNTO DE ACCESO ADICIONAL DE MATERIA--TÉRMINO DE MATERIA
Término de materia o nombre geográfico como elemento de entrada Medicina del trabajo
Fuente del encabezamiento o término embne
9 (RLIN) 14922
650 04 - PUNTO DE ACCESO ADICIONAL DE MATERIA--TÉRMINO DE MATERIA
Término de materia o nombre geográfico como elemento de entrada Apendicitis.
9 (RLIN) 9917
700 1# - ENTRADA AGREGADA--NOMBRE PERSONAL
Nombre de persona Borchardt, M.
9 (RLIN) 162483
700 1# - ENTRADA AGREGADA--NOMBRE PERSONAL
Nombre de persona Thiem, C.
9 (RLIN) 162574
700 0# - ENTRADA AGREGADA--NOMBRE PERSONAL
Nombre de persona García Rodríguez, Gonzalo.
9 (RLIN) 55198
830 0# - PUNTO DE ACCESO ADICIONAL DE SERIE-TÍTULO UNIFORME
Título uniforme Anuario de ciencias médicas. Segunda serie ;
Designación de volumen o secuencia 12
9 (RLIN) 180969
852 ## - LOCALIZACIÓN
Ubicación ES-MaACL
Número de control de estantería B-11066(6)
Nota libre - Encuadernado con otras obras
Holdings
Estatus retirado Estado de pérdida Estado de daño No para préstamo Biblioteca de origen Biblioteca actual Ubicación en estantería Fecha de adquisición Fuente de adquisición Total de préstamos Signatura topográfica completa Código de barras Visto por última vez Precio de reemplazo Tipo de ítem Koha
        Biblioteca del Ateneo de Madrid Biblioteca del Ateneo de Madrid Sala Pardo Bazán 09/05/2017     B-11066(6) 1197548 23/02/2023 23/02/2023 Libro impreso